Anuari estadístic de Terrassa /
ISBN:
8486838401
Descripción Física:
Volums (pàgines) : il·lustracions, taules, gràfics, plànols ; 30 cm
MARC
| LEADER | 00000nam a2200000Ia 4500 | ||
|---|---|---|---|
| 001 | 15391 | ||
| 003 | BGR | ||
| 005 | 20260324180545.0 | ||
| 008 | 160829s9999 xx 000 0 cat d | ||
| 020 | |a 8486838401 | ||
| 020 | |a 8486838460 | ||
| 020 | |a 8486838630 | ||
| 020 | |a 8486838568 | ||
| 020 | |a 8486838746 | ||
| 080 | |a M-4-311 | ||
| 080 | |a Bib-177 | ||
| 080 | |a Bib-178 | ||
| 080 | |a Bib-180 | ||
| 080 | |a Bib-179 | ||
| 080 | |a Bib-181 | ||
| 110 | 1 | |a Terrassa (Catalunya). |b Ajuntament |9 51450 | |
| 245 | 1 | 0 | |a Anuari estadístic de Terrassa / |c Ajuntament de Terrassa, Àrea de Serveis Generals, Cambra Oficial de Comerç i Indústria de Terrassa, Servei d'Estudis Econòmics, Foment de Terrassa, SA, Observatori Econòmic i Social de Terrassa |
| 246 | 1 | 3 | |a Terrassa : |b anuari estadístic |
| 260 | |a Terrassa : |b Ajuntament de Terrassa, |c 1996?- | ||
| 300 | |a Volums (pàgines) : |b il·lustracions, taules, gràfics, plànols ; |c 30 cm | ||
| 590 | |a Periodicitat anual | ||
| 590 | |a Variants del títol a la coberta: AE ; Terrassa ... anuari estadístic. | ||
| 590 | |a Prové de MA-951, exp. 2 | ||
| 590 | |a Disponible també en paper i en línia. | ||
| 590 | |a En la contracoberta: amb la col·laboració de: CC.OO. Vallès Occidental, UGT Vallès Occidental i amb el suport de Fons Social Europeu, Diputació de Barcelona | ||
| 610 | 1 | 0 | |a Terrassa (Catalunya). |b Ajuntament |9 51450 |
| 650 | |a Indicadors econòmics |x Catalunya |x Terrassa |9 50452 | ||
| 650 | |a Indicadors socials |x Catalunya |x Terrassa |9 50453 | ||
| 651 | 0 | |a Terrassa (Catalunya) |x Estadístiques |9 55534 | |
| 651 | 0 | |a Terrassa (Catalunya) |x Estadístiques |v Revistes |9 55535 | |
| 710 | 2 | |a Observatori Econòmic i Social de Terrassa |9 55250 | |
| 710 | 2 | |a Unió General de Treballadors (Vallès Occidental) |9 70892 | |
| 710 | 2 | |a Cambra Oficial de Comerç i Indústria de Terrassa |9 70890 | |
| 710 | 2 | |a Comissions Obreres (Vallès Occidental) |9 70891 | |
| 710 | 1 | |a Terrassa (Catalunya). |b Àrea de Serveis Generals |9 55531 | |
| 710 | 2 | |a Foment de Terrassa |9 70889 | |
| 866 | |a 1997, 1998, 1999, 2000, 2001 | ||
| 901 | |a Arxiu | ||
| 942 | |n 1 |2 udc |c ARXIU | ||
| 952 | |0 0 |1 0 |4 0 |7 1 |9 54562 |a Arxiu |b Arxiu |d 2016-12-01 |h 1999 |o M-4-311 |p 15391 |r 2016-12-01 00:00:00 |w 2016-12-01 |y ARXIU | ||
| 952 | |0 0 |1 0 |4 0 |7 1 |9 56042 |a Arxiu |b Arxiu |d 2016-12-01 |h 2000 |o Bib-180 |p 24182 |r 2016-12-01 00:00:00 |w 2016-12-01 |y ARXIU | ||
| 952 | |0 0 |1 0 |4 0 |7 1 |9 56043 |a Arxiu |b Arxiu |d 2016-12-01 |h 1997 |o Bib-177 |p 24179 |r 2016-12-01 00:00:00 |w 2016-12-01 |y ARXIU | ||
| 952 | |0 0 |1 0 |4 0 |7 1 |9 56044 |a Arxiu |b Arxiu |d 2016-12-01 |h 1998 |o Bib-178 |p 24180 |r 2016-12-01 00:00:00 |w 2016-12-01 |y ARXIU | ||
| 952 | |0 0 |1 0 |4 0 |7 1 |9 56045 |a Arxiu |b Arxiu |d 2016-12-01 |h 1999 |o Bib-179 |p 24181 |r 2016-12-01 00:00:00 |w 2016-12-01 |y ARXIU | ||
| 952 | |0 0 |1 0 |2 udc |4 0 |6 BIB181 |7 1 |9 56046 |a Arxiu |b Arxiu |d 2016-12-01 |h 2001 |o Bib-181 |p 24183 |r 2016-12-01 00:00:00 |w 2016-12-01 |y ARXIU | ||
| 999 | |c 58431 |d 58431 | ||